Theories of human communication

THEORIES OF HUMAN COMMUNICATION is considered the seminal text in the field. Littlejohn and Foss present the range of communication theories currently available in the discipline, organizing them according to the scholarly traditions and contexts from which they emerge. Clear and accessible writing,...

Descrición completa

Gardado en:
Detalles Bibliográficos
Autor Principal: Littlejohn, Stephen W.
Formato: Libro
Idioma:Undetermined
Publicado: Belmont, CA. Thomson/Wadsworth 2008
Những chủ đề:
Các nhãn: Engadir etiqueta
Sen Etiquetas, Sexa o primeiro en etiquetar este rexistro!
Thư viện lưu trữ: Trung tâm Học liệu Trường Đại học Cần Thơ
LEADER 01077nam a2200217Ia 4500
001 CTU_155401
008 210402s9999 xx 000 0 und d
020 |c 1484000 
082 |a 302.2 
082 |b L778 
100 |a Littlejohn, Stephen W. 
245 0 |a Theories of human communication 
245 0 |c Stephen W. Littlejohn, Karen A. Foss 
260 |a Belmont, CA. 
260 |b Thomson/Wadsworth 
260 |c 2008 
520 |a THEORIES OF HUMAN COMMUNICATION is considered the seminal text in the field. Littlejohn and Foss present the range of communication theories currently available in the discipline, organizing them according to the scholarly traditions and contexts from which they emerge. Clear and accessible writing, charts that summarize the relationships among theories, and sections devoted to applications and implications help position theories within the discipline as a whole. 
650 |a Communication,Giao tiếp 
650 |x Philosophy,Triết lý sống 
904 |i QHieu 
980 |a Trung tâm Học liệu Trường Đại học Cần Thơ